000 00586nam a2200193 a 4500
001 000026131
005 20200930024329.0
008 110301s1989 cu a r 000 0 spa d
040 _aDO-SdBNP
_bspa
_cBNPHU
082 _annn
_bC492
100 1 _aChateloin, Felicia
_953098
245 1 0 _aLa Habana de Tacón /
_cFelicia Chateloin ; edición Esther Toribio.
260 _aLa Habana, Cuba :
_bLetras Cubanas,
_c1989.
300 _a224 p. :
_bil., retrs., mapas ;
_c18 cm.
490 1 _aGiraldilla
700 1 _aToribio, Esther
_eed.
_953099
830 0 _aGiraldilla
_98904
049 _aBNGR
999 _c25623
_d25623